| 000 | 00365 a2200145 4500 | ||
|---|---|---|---|
| 999 |
_c9846 _d9846 |
||
| 003 | OSt | ||
| 005 | 20220303165339.0 | ||
| 008 | 220303b ||||| |||| 00| 0 eng d | ||
| 020 | _a9781845376949 | ||
| 082 |
_a684.083 _bBRI |
||
| 100 | _a Bridgewater, Alan; Bridgewater, Gill | ||
| 245 | _aWeekend Woodworking with Power Tools | ||
| 260 | _bNew Holland | ||
| 942 | _2ddc | ||